Informácia o falzifikátoch zadržaných na území SR
V roku 2013 bolo na území Slovenskej republiky zadržaných spolu 35 288 falzifikátov bankoviek a mincí. Je to vôbec najvyšší počet zadržaných falzifikátov od vzniku samostatnej Slovenskej republiky. Výrazný nárast počtu zadržaných falzifikátov oproti predošlým rokom však spôsobil prípad, v rámci ktor...
Salvato in:
| Autore principale: | |
|---|---|
| Altri autori: | |
| Natura: | Capitolo di libro |
| Lingua: | slovacco |
| Soggetti: | |
| Tags: |
Nessun Tag, puoi essere il primo ad aggiungerne!!
|
MARC
| LEADER | 00000naa a2200000 4500 | ||
|---|---|---|---|
| 001 | 0185132 | ||
| 005 | 20221020084519.9 | ||
| 041 | 0 | |a slo | |
| 044 | |a SK | ||
| 245 | 1 | 0 | |a Informácia o falzifikátoch zadržaných na území SR |c Dušan Rojek, Gabriel Schlosser |
| 520 | |a V roku 2013 bolo na území Slovenskej republiky zadržaných spolu 35 288 falzifikátov bankoviek a mincí. Je to vôbec najvyšší počet zadržaných falzifikátov od vzniku samostatnej Slovenskej republiky. Výrazný nárast počtu zadržaných falzifikátov oproti predošlým rokom však spôsobil prípad, v rámci ktorého orgány činné v trestnom konaní odhalili pred uvedením do peňažného obehu 26 735 kusov falzifikátov mincí nominálnej hodnoty 2 €. | ||
| 610 | 2 | 0 | |a falzifikáty |
| 610 | 2 | 0 | |a Slovensko |
| 610 | 2 | 0 | |a euro |
| 610 | 2 | 0 | |a činnosť trestná |
| 610 | 2 | 0 | |a eurozóna |
| 100 | 1 | |a Rojek, Dušan | |
| 700 | 1 | |a Schlosser, Gabriel | |